| 000 | 02761cam a2200313 4500500 | ||
|---|---|---|---|
| 005 | 20260222002654.0 | ||
| 041 | _afre | ||
| 042 | _adc | ||
| 100 | 1 | 0 |
_aDescourvières, Clémence _eauthor |
| 700 | 1 | 0 |
_ad’Engremont, Christelle _eauthor |
| 700 | 1 | 0 |
_aRebours, Vinciane _eauthor |
| 245 | 0 | 0 | _aTumeurs kystiques pancréatiques hors TIPMP |
| 260 | _c2026. | ||
| 500 | _a6 | ||
| 520 | _aLes lésions kystiques pancréatiques (LKP) sont fréquentes en population générale adulte et leur prévalence augmente avec l’âge. L’immense majorité de ces lésions kystiques sont des tumeurs intra-canalaires papillaires et mucineuses (TIPMP). Cette découverte est généralement fortuite et les lésions sont le plus souvent de petite taille (moins de 10 mm). La question de la prise en charge est complexe car certaines LKP sont des lésions précancéreuses (TIPMP, tumeur mucineuse kystique) ou à potentiel évolutif (tumeurs pseudo-papillaires et solides ou tumeurs neuroendocrines kystiques) et d’autres sont bénignes ne nécessitant ni surveillance ni chirurgie. Une connaissance de ces kystes et des moyens diagnostiques à disposition est essentielle pour identifier les lésions les plus à risque et proposer une prise en charge adaptée. | ||
| 520 | _aPancreatic cystic lesions (PCLs) are common in the general adult population and their prevalence increases with age. The vast majority of these cystic lesions are intraductal papillary mucinous neoplasms of the pancreas (IPMN). This discovery is usually incidental and the lesions are most often small (less than 10 mm). The management of those cystic lesions is complex because some PCLs are precancerous lesions (IPMN, cystic mucinous tumors) or have the potential to develop (pseudopapillary and solid tumors or cystic neuroendocrine tumors), while others are benign and require neither monitoring nor surgery. Knowledge of these cysts and the diagnostic tools available is essential to identify the lesions with the greatest risk of cancer and to propose an appropriate management. | ||
| 690 | _alésions kystiques pancréatiques | ||
| 690 | _atumeur mucineuse kystique | ||
| 690 | _atumeurs intra-canalaires papillaires et mucineuses | ||
| 690 | _atumeurs neuroendocrines kystiques | ||
| 690 | _atumeurs pseudo-papillaires | ||
| 690 | _acystic mucinous tumor | ||
| 690 | _acystic neuroendocrine tumors | ||
| 690 | _aintraductal papillary and mucinous tumors | ||
| 690 | _apancreatic cystic lesions | ||
| 690 | _apseudopapillary tumors | ||
| 786 | 0 | _nHépato-Gastro & Oncologie Digestive | 33 | 1 | 2026-02-10 | p. 72-82 | 2115-3310 | |
| 856 | 4 | 1 | _uhttps://stm.cairn.info/revue-hepato-gastro-oncologie-digestive-2026-1-page-72?lang=fr&redirect-ssocas=7080 |
| 999 |
_c1665520 _d1665520 |
||